La educación virtual como instrumento de la profesionalización de la función pública en América Latina y el Caribe / (Registro nro. 6087)
[ vista simple ]
| 000 -LEADER | |
|---|---|
| fixed length control field | 01051nam a2200241Ia 4500 |
| 003 - CONTROL NUMBER IDENTIFIER | |
| control field | OSt |
| 005 - DATE AND TIME OF LATEST TRANSACTION | |
| control field | 20200901115632.0 |
| 008 - FIXED-LENGTH DATA ELEMENTS--GENERAL INFORMATION | |
| fixed length control field | 191128s2008 y gr 000 0 spa d |
| 020 ## - INTERNATIONAL STANDARD BOOK NUMBER | |
| International Standard Book Number | 9789806125643 |
| 040 ## - CATALOGING SOURCE | |
| Original cataloging agency | CO-JMCR |
| Transcribing agency | CO-JMCR |
| 041 0# - LANGUAGE CODE | |
| Language code of text/sound track or separate title | spa |
| 082 04 - DEWEY DECIMAL CLASSIFICATION NUMBER | |
| Classification number | 371.334 / |
| Item number | C397e |
| Edition number | 23 |
| 110 1# - MAIN ENTRY--CORPORATE NAME | |
| Corporate name or jurisdiction name as entry element | Centro Latinoamericano de Administración Para el Desarrollo (CLAD) |
| 9 (RLIN) | 9561 |
| 245 13 - TITLE STATEMENT | |
| Title | La educación virtual como instrumento de la profesionalización de la función pública en América Latina y el Caribe / |
| Statement of responsibility, etc. | Centro Latinoamericano de Administración Para el Desarrollo (CLAD) |
| 260 ## - PUBLICATION, DISTRIBUTION, ETC. | |
| Place of publication, distribution, etc. | Caracas : |
| Name of publisher, distributor, etc. | Centro Latinoamericano de Administración Para el Desarrollo, |
| Date of publication, distribution, etc. | 2008. |
| 260 ## - PUBLICATION, DISTRIBUTION, ETC. | |
| Date of publication, distribution, etc. | 2008 |
| 300 ## - PHYSICAL DESCRIPTION | |
| Extent | 130 páginas |
| Dimensions | 28 cm. |
| 504 ## - BIBLIOGRAPHY, ETC. NOTE | |
| Bibliography, etc. note | Bibliografía : páginas 125-130 |
| 505 0# - FORMATTED CONTENTS NOTE | |
| Formatted contents note | El escenario de la formación virtual de funsionarios públicos -- La formación virtual de funcionarios públicos -- América del sur |
| 650 24 - SUBJECT ADDED ENTRY--TOPICAL TERM | |
| Topical term or geographic name entry element | Educación virtual |
| 9 (RLIN) | 9562 |
| 650 24 - SUBJECT ADDED ENTRY--TOPICAL TERM | |
| Topical term or geographic name entry element | Funcionarios públicos |
| General subdivision | educación |
| 9 (RLIN) | 9563 |
| 942 ## - ADDED ENTRY ELEMENTS (KOHA) | |
| Source of classification or shelving scheme | Dewey Decimal Classification |
| Koha item type | Books |
| Withdrawn status | Lost status | Source of classification or shelving scheme | Materials specified (bound volume or other part) | Damaged status | Not for loan | Home library | Current library | Shelving location | Date acquired | Source of acquisition | Full call number | Barcode | Date last seen | Copy number | Price effective from | Koha item type |
|---|---|---|---|---|---|---|---|---|---|---|---|---|---|---|---|---|
| Dewey Decimal Classification | Donación--15/04/2018-- | Biblioteca Pública José María del Castillo y Rada | Biblioteca Pública José María del Castillo y Rada | General Stacks | 11/28/2019 | Donación | 371.334 / C397e | 430011607 | 05/16/2024 | Ej.1 | 11/28/2019 | Books |